000 00528nam a2200181 i 4500
001 121894
003 ES-MaACL
005 20250916063050.0
007 t|
008 070214s1946 sp f |||| |dspa d
100 1 _aPosada, Adolfo,
_d1860-1944
_993316
245 1 0 _aLeopoldo Alas "Clarín" /
_cAdolfo Posada.
260 _aOviedo :
_b[s.n.],
_c1946 (
_fImp. La Cruz)
300 _a232 p., 8 lám. ;
_c20 cm.
600 1 4 _aAlas, Leopoldo
_d1852-1901
_9226375
852 _aES-MaACL
_jE-2205
999 _c121894
_d121894